Példabeszéd a boldogságról

Bibliographic Details
Main Author: Fábián, Lajos (Author)
Other Authors: Szkukálek, Ľudovít, 1957- (Illustrator)
Format: Article
Language:Hungarian
Subjects:

MARC

LEADER 00000nab a2200000 a 4500
001 vtls000575064
003 SK-MaSNL
005 20260303231654.0
008 240102c1996 xo 0 hun
015 |a SNBRB19rr/mm-uuuuu 
035 |a CL0575202 
040 |a SNKBUCL  |b slo  |c SNKBUCL  |e AACR2 
041 0 |a hun 
044 |a xo  |c SK 
080 |a 894.511 (498)-3=945.11  |2 1981 
100 1 |a Fábián, Lajos  |4 aut  |9 636361 
245 1 0 |a Példabeszéd a boldogságról  |c Lajos Fábián ; Illusztr. Lajos Szkukálek 
650 0 7 |a poviedky psychologické  |2 snkbucl  |9 893883 
655 7 |a články z novín a časopisov  |2 snkbucl  |9 267496 
655 7 |a články z odboru literárna veda a krásna literatúra  |2 snkbucl  |9 770045 
700 1 |a Szkukálek, Ľudovít,  |d 1957-  |4 ill  |9 247171 
773 0 |t Életünk  |g Roč. 1, č. 2 (1996), s. 19 
850 |a Slovenská národná knižnica v Martine  |a DSG001 
852 |a SNK  |b KIS3GCP 
958 |a RK 
958 |a HU 
958 |a LX 
958 |a RO 
992 |a RBX 
999 |c 2267991  |d 2269921